|
|
|
|
| LEADER |
00000cam a2200000 i 4500 |
| 001 |
1/30446 |
| 008 |
130529s2011 gr | ||| |||| ||gre|| |
| 020 |
|
|
|a 9789609539357
|
| 035 |
|
|
|l 10114561
|
| 040 |
|
|
|a GR-MY-UA
|b gre
|e aacr
|
| 041 |
0 |
|
|a gre
|
| 082 |
7 |
|
|a 370.9
|2 (22)
|
| 100 |
1 |
|
|a Κοντάκος, Αναστάσιος.
|
| 245 |
1 |
0 |
|a Χρονολόγιο ιστορίας της εκπαίδευσης /
|c Αναστάσιος Κοντάκος.
|
| 260 |
|
|
|a Ζεφύρι Αττικής :
|b Διάδραση,
|c c2011.
|
| 300 |
|
|
|a 262 σ. :
|b πίν. ;
|c 19 εκ.
|
| 504 |
|
|
|a Βιβλιογραφία: σ. 237-262.
|
| 650 |
0 |
0 |
|a Education
|x History.
|
| 650 |
0 |
0 |
|a Education
|x Chronology.
|
| 852 |
|
|
|a INST
|b LESVOS
|c EUDOXUS
|e 20160421
|h 370.9 ΚΟΝ
|p 005100057550
|q 005100057550
|t EDX
|y 0
|
| 852 |
|
|
|a INST
|b RHODES
|c EUDOXUS
|e 20130529
|h 370.9 ΚΟΝ
|p 005400035284
|q 005400035284
|t EDX
|y 0
|
| 852 |
|
|
|a INST
|b RHODES
|c EUDOXUS
|e 20140516
|h 370.9 ΚΟΝ
|p 005400036471
|q 005400036471
|t EDX
|y 0
|
| 852 |
|
|
|a INST
|b RHODES
|c EUDOXUS
|e 20140516
|h 370.9 ΚΟΝ
|p 005400036472
|q 005400036472
|t EDX
|y 0
|
| 901 |
|
|
|a BIBL4-2013-2
|
| 901 |
|
|
|a BIBL4-2014-2
|
| 909 |
|
|
|a Ρ
|b 176813
|
| 909 |
|
|
|a Ρ
|b 182973
|
| 909 |
|
|
|a Ρ
|b 182974
|
| 920 |
|
|
|a ΕΥΔΟΞΟΣ
|b ΠΑΡΑΓΓΕΛΙΑ
|y Ρόδος-ΤΕΠΑΕΣ
|z 2013-05
|
| 920 |
|
|
|a ΕΥΔΟΞΟΣ
|b ΠΑΡΑΓΓΕΛΙΑ
|y Ρόδος-ΤΕΠΑΕΣ
|z 2014-05
|
| 920 |
|
|
|a Εύδοξος
|b Επιστροφή Ρόδος
|y Λέσβος
|z 2016-04
|
| 922 |
|
|
|a 4ΕΛΗ
|
| 970 |
|
|
|z 2013/05/29
|